| 000 | 01433nam a2200349Ia 4500 | ||
|---|---|---|---|
| 001 | ebr10464126 | ||
| 003 | CaPaEBR | ||
| 006 | m u | ||
| 007 | cr cn||||||||| | ||
| 008 | 081104r19991993enk sb 000 1 eng d | ||
| 020 | _z019283701X | ||
| 020 | _z9780192837011 | ||
| 040 |
_aCaPaEBR _cCaPaEBR |
||
| 035 | _a(OCoLC)726855206 | ||
| 050 | 1 | 4 |
_aPQ2288.E5 _bK7 1999eb |
| 100 | 1 |
_aHugo, Victor, _d1802-1885. |
|
| 240 | 1 | 0 |
_aNotre-Dame de Paris. _lEnglish |
| 245 | 1 | 0 |
_aNotre-Dame de Paris _h[electronic resource] / _cVictor Hugo ; translated with an introduction and notes by Alban Krailsheimer. |
| 260 |
_aOxford ; _aNew York : _bOxford University Press, _c1999. |
||
| 300 | _axxx, 561 p. | ||
| 490 | 1 | _aOxford world's classics | |
| 504 | _aIncludes bibliographical references (p. [xxvii]). | ||
| 533 |
_aElectronic reproduction. _bPalo Alto, Calif. : _cebrary, _d2011. _nAvailable via World Wide Web. _nAccess may be limited to ebrary affiliated libraries. |
||
| 650 | 0 | _aFrench fiction. | |
| 651 | 0 |
_aFrance _xHistory _yLouis XI, 1461-1483 _vFiction. |
|
| 651 | 0 |
_aParis (France) _xHistory _yTo 1515 _vFiction. |
|
| 655 | 7 |
_aElectronic books. _2local |
|
| 700 | 1 | _aKrailsheimer, A. J. | |
| 710 | 2 | _aebrary, Inc. | |
| 830 | 0 | _aOxford world's classics (Oxford University Press) | |
| 856 | 4 | 0 |
_uhttp://site.ebrary.com/lib/rucke/Doc?id=10464126 _zAn electronic book accessible through the World Wide Web; click to view |
| 999 |
_c129816 _d129816 |
||